| 000 | 00699nam a2200229Ia 4500 | ||
|---|---|---|---|
| 999 |
_c5469 _d5469 |
||
| 003 | OSt | ||
| 005 | 20200618212023.0 | ||
| 008 | 191128s1980 mx gr 000 0dspa d | ||
| 020 | _a9682400996 | ||
| 040 |
_aCO-JMCR _cCO-JMCR |
||
| 041 | 0 | _aspa | |
| 082 | 0 | 4 |
_a330.15 / _bS319h _223 |
| 100 | 1 |
_aScheifler Amézaga, Xavier, _eautor _95817 |
|
| 245 | 1 | 0 |
_aHistoria del pensamiento económico / _cXavier Scheifler Amézaga |
| 250 | _aCuarta edición | ||
| 260 |
_aMéxico : _bTrillas, _c1980. |
||
| 300 |
_axvi, 371 páginas ; _c22 cm. |
||
| 504 | _aBibliografía al final de cada capítulo. | ||
| 650 | 1 | 4 |
_aPensamiento económico _95818 |
| 650 | 2 | 4 |
_aHistoria económica _95819 |
| 942 |
_2ddc _cBK |
||